UM Logo

Anatomy & physiology: (Record no. 1418)

MARC details
000 -LEADER
fixed length control field 00636nam a2200181 4500
008 - FIXED-LENGTH DATA ELEMENTS--GENERAL INFORMATION
fixed length control field 160322b xxu||||| |||| 00| 0 eng d
020 ## - INTERNATIONAL STANDARD BOOK NUMBER
International Standard Book Number 9780073525693
082 ## - DEWEY DECIMAL CLASSIFICATION NUMBER
Edition number 2010
Classification number DC 612
Item number Sa31
100 ## - MAIN ENTRY--PERSONAL NAME
9 (RLIN) 4293
Personal name Saladin, Kenneth S.
245 ## - TITLE STATEMENT
Title Anatomy & physiology:
Remainder of title the unity of form and function/
Statement of responsibility, etc. Kenneth S. Saladin.
250 ## - EDITION STATEMENT
Edition statement Fifth Edition
260 ## - PUBLICATION, DISTRIBUTION, ETC. (IMPRINT)
Place of publication, distribution, etc. Boston:
Name of publisher, distributor, etc. McGraw-Hill Higher Education,
Date of publication, distribution, etc. ©2010.
300 ## - PHYSICAL DESCRIPTION
Extent xxviii, 1152 + various paging:
Other physical details color illustrations;
Dimensions 27 cm.
500 ## - GENERAL NOTE
General note Includes appendices, glossary and index.
650 #0 - SUBJECT ADDED ENTRY--TOPICAL TERM
9 (RLIN) 4298
Topical term or geographic name as entry element Human physiology
650 #0 - SUBJECT ADDED ENTRY--TOPICAL TERM
9 (RLIN) 4299
Topical term or geographic name as entry element Human anatomy
942 ## - ADDED ENTRY ELEMENTS (KOHA)
Source of classification or shelving scheme Dewey Decimal Classification
Koha item type Circulation
Holdings
Withdrawn status Lost status Source of classification or shelving scheme Damaged status Not for loan Collection code Home library Current library Shelving location Date acquired Source of acquisition Total Checkouts Full call number Barcode Date last seen Date last checked out Copy number Price effective from Koha item type
    Dewey Decimal Classification     Circulation UM Digos College - LIC UM Digos College - LIC Book Cart 04/22/2013 Purchased 5 DC 612 Sa31 2010 21998 05/15/2025 09/06/2018 1 03/22/2016 Circulation